header

Interpersonal communication : (Record no. 251525)

MARC details
000 -LEADER
fixed length control field 01057cam a2200289 a 4500
001 - CONTROL NUMBER
control field 13428446
003 - CONTROL NUMBER IDENTIFIER
control field OSt
005 - DATE AND TIME OF LATEST TRANSACTION
control field 20151125111254.0
008 - FIXED-LENGTH DATA ELEMENTS--GENERAL INFORMATION
fixed length control field 031208s2005 maua b 001 0 eng
010 ## - LIBRARY OF CONGRESS CONTROL NUMBER
LC control number 2003063894
020 ## - INTERNATIONAL STANDARD BOOK NUMBER
International Standard Book Number 0205417922
040 ## - CATALOGING SOURCE
Original cataloging agency DLC
Transcribing agency DLC
Modifying agency DLC
050 00 - LIBRARY OF CONGRESS CALL NUMBER
Classification number BF637.C45
Item number B43 2005
082 00 - DEWEY DECIMAL CLASSIFICATION NUMBER
Classification number 153.6
Edition number 22
100 1# - MAIN ENTRY--PERSONAL NAME
Personal name Beebe, Steven A.,
Dates associated with a name 1950-
245 10 - TITLE STATEMENT
Title Interpersonal communication :
Remainder of title relating to others /
Statement of responsibility, etc Steven A. Beebe, Susan J. Beebe, Mark V. Redmond.
250 ## - EDITION STATEMENT
Edition statement 4th ed.
260 ## - PUBLICATION, DISTRIBUTION, ETC. (IMPRINT)
Place of publication, distribution, etc Boston, MA :
Name of publisher, distributor, etc Pearson/Allyn and Bacon,
Date of publication, distribution, etc c2005.
300 ## - PHYSICAL DESCRIPTION
Extent xxviii, 419 p. :
Other physical details ill. (chiefly col.) ;
Dimensions 26 cm.
504 ## - BIBLIOGRAPHY, ETC. NOTE
Bibliography, etc Includes bibliographical references (p. 381-398) and index.
650 #0 - SUBJECT ADDED ENTRY--TOPICAL TERM
Topical term or geographic name as entry element Interpersonal communication
Form subdivision Textbooks.
700 1# - ADDED ENTRY--PERSONAL NAME
Personal name Beebe, Susan J.
Personal name Redmond, Mark V.,
Dates associated with a name 1949-
906 ## - LOCAL DATA ELEMENT F, LDF (RLIN)
a 7
b cbc
c orignew
d 1
e ocip
f 20
g y-gencatlg
942 ## - ADDED ENTRY ELEMENTS (KOHA)
Source of classification or shelving scheme Library of Congress Classification
Koha item type Long Loan Books
Holdings
Withdrawn status Lost status Source of classification or shelving scheme Damaged status Not for loan Home library Current library Shelving location Date acquired Total Checkouts Full call number Barcode Date last seen Date checked out Price effective from Koha item type
    Library of Congress Classification     Rongo University Library Rongo University Library General Stacks 25/11/2015 5 BF637.C45 B43 2005 20157697 24/10/2018 04/10/2018 25/11/2015 Long Loan Books

© 2026 Rongo University
Contact us: librarian | system librarian | Rongo university